Dantes Commedia deutsch / (Registro nro. 187148)

Detalles MARC
000 -LEADER
campo de control de longitud fija 00709nam a2200205 i 4500
001 - NÚMERO DE CONTROL
campo de control 187148
003 - IDENTIFICADOR DE NÚMERO DE CONTROL
campo de control ES-MaACL
005 - FECHA Y HORA DE LA ÚLTIMA TRANSACCIÓN
campo de control 20240127063015.0
008 - DATOS DE LONGITUD FIJA--INFORMACIÓN GENERAL
campo de control de longitud fija 170424s1922 gw |||| | ger d
080 ## - NÚMERO DE LA CLASIFICACIÓN DECIMAL UNIVERSAL
Número de la Clasificación Decimal Universal 821.131.1-13"12"
100 0# - ENTRADA PRINCIPAL--NOMBRE DE PERSONA
Nombre de persona Dante Alighieri,
Fechas asociadas al nombre 1265-1321
9 (RLIN) 42657
245 10 - MENCIÓN DEL TÍTULO
Título Dantes Commedia deutsch /
Mención de responsabilidad, etc. von Hans Geisow.
250 ## - MENCION DE EDICION
Mención de edición 7ª Aufl.
260 ## - PUBLICACIÓN, DISTRIBUCIÓN, ETC.
Lugar de publicación, distribución, etc. Stuttgart :
Nombre del editor, distribuidor, etc. Walter Hädecke,
Fecha de publicación, distribución, etc. 1922.
300 ## - DESCRIPCIÓN FÍSICA
Extensión 533 p. ;
Dimensiones 21 cm.
600 04 - PUNTO DE ACCESO ADICIONAL DE MATERIA--NOMBRE DE PERSONA
Nombre de persona Dante Alighieri,
Fechas asociadas al nombre 1265-1321.
Título de la obra La divina commedia
9 (RLIN) 175737
700 1# - ENTRADA AGREGADA--NOMBRE PERSONAL
Nombre de persona Geisow, Hans.
9 (RLIN) 162442
852 ## - LOCALIZACIÓN
Ubicación ES-MaACL
Número de control de estantería L-31477
Nota libre - Enc. hol.
-- - Donat. herederos de la bibl. de Mª del Pilar Costa Palacín
Existencias
Estatus retirado Estado de pérdida Estado de daño No para préstamo Biblioteca de origen Biblioteca actual Ubicación en estantería Fecha de adquisición Fuente de adquisición Total de préstamos Signatura topográfica completa Código de barras Visto por última vez Precio de reemplazo Tipo de ítem Koha
        Biblioteca del Ateneo de Madrid Biblioteca del Ateneo de Madrid Depósito 2 24/04/2017     L-31477 1197445 23/02/2023 23/02/2023 Libro impreso